000 00675nam a2200265 a 4500
003 AR-BaBNM
005 20251128204118.0
008 082120s2002 ||||||||||||||000 | spa||
040 _cAR-BaBNM
100 1 _aCelaya, Gabriel
245 0 0 _aPoesía urgente
250 _a3ª ed.
260 _aBuenos Aires
_bLosada
_c1977
300 _a181 p.
490 0 _aBiblioteca clásica y contemporánea
_vv. 384
650 4 _aLITERATURA ESPAÑOLA
650 4 _aPOESIA ESPAÑOLA
650 4 _aGUERRA CIVIL
650 4 _aINNOVACIONES CULTURALES
650 4 _aIDENTIDAD NACIONAL
650 4 _aIDEOLOGIAS POLITICAS
655 _aLITERATURA
942 _cBK
998 _cisola
999 _c6221
_d6221